000 00666nam a22002052 4500
001 0000009713
005 20151217155842.0
008 081119s xx 000 0 eng d
040 _aKABU
_cKABU
100 1 _aWarren, Max.
_@0000156852
245 1 0 _aProblems and promises in Africa today :
_bthe Lichfield lectures in divinity for 1963 /
_cMax Warren.
250 _a1st ed.
260 _aLondon :
_bCox and Wyman,
_c1964.
300 _a63 p.
650 0 _aChurch and social problems
_zAfrica.
_@0000161467
650 0 _aUrbanization
_zAfrica.
_@0000157119
852 1 _9p100 KES
908 _a081119
950 _@1
999 _c13242
_d13242